| Tag |
First Indicator |
Second Indicator |
Subfields |
| LEADER |
00000cam a2200000 a 4500 |
| 001 |
in00005709021 |
| 005 |
20260318191331.8 |
| 006 |
m o d |
| 007 |
cr ||||||||||| |
| 008 |
120110s2011 enka fo 100 0 eng d |
| 040 |
|
|
|a AZU
|b eng
|e pn
|c AZU
|d OCLCO
|d OCLCQ
|d W2U
|d OCLCF
|d OCLCO
|d OCL
|d OCLCO
|d OCLCQ
|d STBDS
|d YOU
|d TKN
|d OCLCQ
|d OCLCO
|d OCLCQ
|d OCLCL
|d OCLCQ
|d OCLCL
|
| 020 |
|
|
|a 9780191731792
|q (ebook)
|
| 020 |
|
|
|a 019173179X
|q (ebook)
|
| 035 |
|
|
|a (OCoLC)811207509
|
| 050 |
|
4 |
|a QC793.3.F5
|b E26 2011
|
| 082 |
0 |
4 |
|a 530.1/43
|2 23
|
| 049 |
|
|
|a TXAM
|
| 111 |
2 |
|
|a Ecole d'été de physique théorique (Les Houches, Haute-Savoie, France)
|n (93rd :
|d 2009)
|
| 245 |
1 |
0 |
|a Modern perspectives in lattice QCD :
|b quantum field theory and high performance computing : lecture notes of the Les Houches Summer School, Volume 93, August 2009 /
|c Laurent Lellouch [and others].
|
| 260 |
|
|
|a Oxford :
|b Oxford University Press,
|c ©2011.
|
| 300 |
|
|
|a 1 online resource (xxv, 729 pages) :
|b illustrations
|
| 336 |
|
|
|a text
|b txt
|2 rdacontent
|
| 337 |
|
|
|a computer
|b c
|2 rdamedia
|
| 338 |
|
|
|a online resource
|b cr
|2 rdacarrier
|
| 520 |
8 |
|
|a The aim of this title is to familiarise the new generation of PhD students and postdoctoral fellows with the principles and methods of modern lattice field theory, which aims to resolve fundamental, non-perturbative questions about QCD without uncontrolled approximations.
|
| 588 |
0 |
|
|a Print version record.
|
| 650 |
|
0 |
|a Lattice field theory
|v Congresses.
|
| 650 |
|
0 |
|a Quantum field theory
|v Congresses.
|
| 650 |
|
6 |
|a Théorie des champs sur réseau
|v Congrès.
|
| 650 |
|
6 |
|a Théorie quantique des champs
|v Congrès.
|
| 650 |
|
7 |
|a Lattice field theory.
|2 fast
|0 (OCoLC)fst00993418
|
| 650 |
|
7 |
|a Quantum field theory.
|2 fast
|0 (OCoLC)fst01085105
|
| 655 |
|
7 |
|a Electronic books.
|2 local
|
| 655 |
|
7 |
|a Conference papers and proceedings.
|2 fast
|0 (OCoLC)fst01423772
|
| 700 |
1 |
|
|a Lellouch, Laurent.
|
| 758 |
|
|
|i has work:
|a Modern perspectives in lattice QCD (Text)
|1 https://id.oclc.org/worldcat/entity/E39PCFQdhgWf64fwVhg83QXjYd
|4 https://id.oclc.org/worldcat/ontology/hasWork
|
| 776 |
0 |
8 |
|i Print version
|z 9780199691609
|
| 856 |
4 |
0 |
|u http://proxy.library.tamu.edu/login?url=https://academic.oup.com/book/25536
|z Connect to the full text of this electronic book
|t 0
|
| 936 |
|
|
|a BATCHLOAD
|
| 955 |
|
|
|a Oxford Scholarship Online
|
| 994 |
|
|
|a 92
|b TXA
|
| 999 |
f |
f |
|i 5fbcc57c-e431-4649-803f-45d9a14b6b91
|s cf927905-973e-4e0a-8779-4333a6e7433e
|t 0
|
| 952 |
f |
f |
|a Texas A&M University
|b College Station
|c Electronic Resources
|s www_evans
|d Available Online
|t 0
|e QC793.3.F5 E26 2011
|h Library of Congress classification
|
| 998 |
f |
f |
|a QC793.3.F5 E26 2011
|t 0
|l Available Online
|